Main British TV Channels - Statistics

General Stats
  • This quiz has been taken 563 times
  • The average score is 5 of 7
Answer Stats
Hint Answer % Correct
Broadchurch,Coronation Street, I'm a Celebrity Get Me Out of Here ITV 1
95%
Pointless, Have I Got News For You, Bargain Hunt BBC One
94%
Eggheads, QI, Top Gear BBC Two
93%
8 out of 10 Cats, 10 o'clock Live, Benefits Street, Peep Show Channel 4
89%
Big Brother, Neighbours, Home and Away Channel 5
78%
Simpsons Sky 1
48%
Morse, Lewis ITV 2
41%
No matching quizzes found
Score Distribution
Percent of People with Each Score
Percentile by Number Answered
Your Score History
You have not taken this quiz